000 01110nam a22002537a 4500
005 20170124103007.0
010 _aB-150008
020 _c150.00
_a8182020034
035 _aB-150008
037 _bCen Lib/Ret
040 _aDPL
_bHN
082 _a
_bशर्माया
100 _aशर्मा, यादवेन्द्र
_99690
245 _aएक इंसान की मौत :
_cयादवेन्द्र शर्मा
_bएक इंसान का जन्म /
246 _aEk insan ki mout : ek insan ka janam /
_bby Yadvendra Sharma
260 _aदिल्ली
_bदेवांशु प्रकाशन
_c2006
270 _aबी-18, साउथ अनारकली
_bदिल्ली
_e110051
300 _a144पृ.
_c21सेमी (सजिल्द)
650 _aहिंदी साहित्य
_956476
650 _aहिंदी साहित्य --कहानियां
_942761
650 _aHindi literature
_956477
650 _aHindi literature--Stories
_956478
942 _2ddc
_cHN
_h
_mशर्माया
999 _c114354
_d114354